<?xml version="1.0" encoding="UTF-8"?>
<record
    xmlns:xsi="http://www.w3.org/2001/XMLSchema-instance"
    xsi:schemaLocation="http://www.loc.gov/MARC21/slim http://www.loc.gov/standards/marcxml/schema/MARC21slim.xsd"
    xmlns="http://www.loc.gov/MARC21/slim">

  <leader>00866nam a2200241 a 4500</leader>
  <controlfield tag="001">40534</controlfield>
  <controlfield tag="003">BD-RjUL</controlfield>
  <controlfield tag="005">20211209053233.0</controlfield>
  <controlfield tag="008">160503s1978    bg ||||| |||| 00| 0 ben d</controlfield>
  <datafield tag="020" ind1=" " ind2=" ">
    <subfield code="c">: 10.00</subfield>
  </datafield>
  <datafield tag="035" ind1=" " ind2=" ">
    <subfield code="a">(BD-RjUL)40649</subfield>
  </datafield>
  <datafield tag="040" ind1=" " ind2=" ">
    <subfield code="a">BD-RjUL</subfield>
    <subfield code="b">ben</subfield>
    <subfield code="c">BD-RjUL</subfield>
  </datafield>
  <datafield tag="041" ind1=" " ind2=" ">
    <subfield code="a">ben</subfield>
  </datafield>
  <datafield tag="082" ind1=" " ind2=" ">
    <subfield code="2">23</subfield>
    <subfield code="a">110</subfield>
    <subfield code="b">WAS 1978</subfield>
  </datafield>
  <datafield tag="100" ind1=" " ind2=" ">
    <subfield code="a">&#x993;&#x9AF;&#x9BC;&#x9BE;&#x9B2;&#x9C0;, &#x9AE;&#x9BE;&#x9B9;&#x9A4;&#x9BE;&#x9AC; &#x989;&#x9A6;&#x9CD;&#x9A6;&#x9C0;&#x9A8;</subfield>
    <subfield code="9">124803</subfield>
  </datafield>
  <datafield tag="245" ind1="1" ind2="0">
    <subfield code="a">&#x9B6;&#x9C2;&#x9A8;&#x9CD;&#x9AF; &#x9B6;&#x995;&#x9CD;&#x9A4;&#x9BF; &#x9B6;&#x9AC;&#x9CD;&#x9A6; &#x9B8;&#x9C3;&#x9B7;&#x9CD;&#x99F;&#x9BF; &#x9AE;&#x9BE;&#x9A8;&#x9AC; &#x995;&#x9C3;&#x9B7;&#x9CD;&#x99F;&#x9BF; /</subfield>
    <subfield code="c">&#x9AE;&#x9BE;&#x9B9;&#x9A4;&#x9BE;&#x9AC; &#x989;&#x9A6;&#x9CD;&#x9A6;&#x9C0;&#x9A8; &#x993;&#x9AF;&#x9BC;&#x9BE;&#x9B2;&#x9C0;</subfield>
  </datafield>
  <datafield tag="250" ind1=" " ind2=" ">
    <subfield code="a">&#x9E7;&#x9AE; &#x9B8;&#x982;.</subfield>
  </datafield>
  <datafield tag="260" ind1=" " ind2=" ">
    <subfield code="a">&#x995;&#x9C1;&#x9B8;&#x9CD;&#x99F;&#x9BF;&#x9AF;&#x9BC;&#x9BE; :</subfield>
    <subfield code="b">&#x9B2;&#x9C7;&#x996;&#x995;,</subfield>
    <subfield code="c">&#x9E7;&#x9EF;&#x9ED;&#x9EE;</subfield>
  </datafield>
  <datafield tag="300" ind1=" " ind2=" ">
    <subfield code="a">[&#x9E7;&#x9E6;], &#x9E7;&#x9EB;&#x9E6;,&#x9EC; &#x9AA;&#x9C3;. ;</subfield>
    <subfield code="c">&#x9E8;&#x9E7; &#x9B8;&#x9C7;&#x9AE;&#x9BF;.</subfield>
  </datafield>
  <datafield tag="650" ind1=" " ind2=" ">
    <subfield code="a">Metaphysics</subfield>
    <subfield code="9">120435</subfield>
  </datafield>
  <datafield tag="650" ind1=" " ind2=" ">
    <subfield code="a">&#x985;&#x9A7;&#x9BF;&#x9AC;&#x9BF;&#x9A6;&#x9CD;&#x9AF;&#x9BE;</subfield>
    <subfield code="9">120434</subfield>
  </datafield>
  <datafield tag="942" ind1=" " ind2=" ">
    <subfield code="2">ddc</subfield>
    <subfield code="c">BK</subfield>
  </datafield>
  <datafield tag="999" ind1=" " ind2=" ">
    <subfield code="c">40534</subfield>
    <subfield code="d">40534</subfield>
  </datafield>
  <datafield tag="952" ind1=" " ind2=" ">
    <subfield code="0">0</subfield>
    <subfield code="1">0</subfield>
    <subfield code="2">ddc</subfield>
    <subfield code="4">0</subfield>
    <subfield code="7">0</subfield>
    <subfield code="8">NFIC</subfield>
    <subfield code="a">RUCL</subfield>
    <subfield code="b">RUCL</subfield>
    <subfield code="c">Stack</subfield>
    <subfield code="d">1980-05-13</subfield>
    <subfield code="e">Author</subfield>
    <subfield code="g">10.00</subfield>
    <subfield code="l">0</subfield>
    <subfield code="o">B 110 WAS 1978</subfield>
    <subfield code="r">2016-05-03 00:00:00</subfield>
    <subfield code="t">C-2</subfield>
    <subfield code="w">2021-12-09</subfield>
    <subfield code="y">BK</subfield>
  </datafield>
</record>
